000 00821nam a2200253Ia 4500
003 OSt
005 20220926023656.0
006 a|||||r|||| 00| 0
007 ta
008 220923b |||||||| |||| 00| 0 eng d
020 _c1140.46
037 _b2202/
_23.00, 05/04/2000, Elite
_cGeneral Book
040 _aRTL
_cRTL
_beng
041 _2eng
_aeng
082 _aW:19:(R4), N9
100 _aShapiro Michael J
_981289
245 0 _aMoral spaces
_b Rethinking ethics and world politics
260 _aNunneapolis
_bUniversity of Minnesota Paress
_c1999
300 _axx, 268p
_ccm.
541 _23.00, 05/04/2000, Elite
650 _aPolitical Science
700 _a Campbell David Ed
_9277894
942 _hW:19:(R4), N9
_cGB
_2CC
999 _c642126
_d642126